| 000 | 02735nam0a2200421 4500 | ||
|---|---|---|---|
| 001 | RU\NLR\bibl\1506918 | ||
| 005 | 20260407202839.0 | ||
| 010 |
_a978-5-387-00136-9 _93000 |
||
| 021 |
_aRU _b2010-1125и _997и |
||
| 035 | _a(NLR Aleph) 001498336 | ||
| 090 |
_a1790050 _c1790050 |
||
| 100 | _a20100430d2010 |||y0rusy50 ca | ||
| 101 | 0 |
_arus _aeng |
|
| 102 | _aRU | ||
| 105 | _aa ||||||||| | ||
| 200 | 1 |
_aРусский костюм в фотографиях. Метаморфозы _dRussian costume in photographs. Metamorphoses _e[каталог выставки в рамках Московского международного фестиваля "Мода и стиль в фотографиях. Меняющаяся красота", Москва, апрель-май 2009 г. _fА. Петрова, сост. _gтексты: А. Петрова, К. Соловьева] _zeng |
|
| 210 |
_aМосква _cСлово/Slovo _d2010 |
||
| 215 |
_a319, [1] с. _cил., портр., цв. ил., портр. _d21 |
||
| 300 | _aНа обл.: Русский костюм | ||
| 300 | _aЧасть текста на англ. яз. | ||
| 510 | 1 |
_aRussian costume in photographs. Metamorphoses _zeng |
|
| 512 | 0 | _aРусский костюм | |
| 517 | 0 | _aМетаморфозы | |
| 517 | 0 | _aMetamorphoses | |
| 606 | 1 |
_aКостюм русский _jКаталоги _xв фотографии художественной _xВыставки _yМосква, город _z2009 _92566587 _3RU\NLR\auth\661517943 |
|
| 606 | 1 |
_aФотография художественная _jКаталоги _xТематика _xВыставки _yМосква, город _z2009 _92607502 _3RU\NLR\auth\661544060 |
|
| 686 | _aЩ126.63(2Р=Рус)л62 | ||
| 686 | _aЩ163(0)-3л62 | ||
| 702 | 1 |
_4340 _7ca _8rus _aПетрова _bА. А. _cканд. филол. наук, культуролог _f1979- _gАнна Александровна _963254 _3RU\NLR\AUTH\7780326 |
|
| 711 | 1 | 2 |
_a"Русский костюм в фотографиях. Метаморфозы", выставка _eМосква _f2009 _9764874 _3RU\NLR\AUTH\8810134437 |
| 711 | 1 | 2 |
_a"Мода и стиль в фотографиях. Меняющаяся красота", московский международный фестиваль _f2009 _9764875 _3RU\NLR\AUTH\8810134438 |
| 801 | 0 |
_aRU _bNLR _c20100430 _gRCR |
|
| 801 | 1 |
_aRU _bNLR _c20100430 |
|
| 942 | _cBOOK | ||
| 980 | _aNB | ||